Richest municipalities Quiz Stats

 Plays Quiz not verified by Sporcle

Also try: Male or Female?
Challenge
Share
Tweet
Embed
Score 0/30 Timer 08:00
0 Plays Today
Earnings per capita (€/year) Municipalities % Correct
20.400Wassenaar
79.3%
17.300Bussum
71.7%
22.400Bloemendaal
68.5%
20.000Laren
65.2%
21.500Blaricum
62%
18.400Naarden
58.7%
16.300Haren
45.7%
15.700Zeist
45.7%
16.700De Bilt
40.2%
19.000Rozendaal
37%
15.500Bergen
35.9%
17.800Heemstede
34.8%
15.900Utrechtse Heuvelrug
32.6%
17.700Muiden
30.4%
16.200Amstelveen
26.1%
Earnings per capita (€/year) Municipalities % Correct
18.600Abcoude
25%
15.600Leidschendam-Voorburg
21.7%
15.500Heiloo
18.5%
15.500Wijdemeren
17.4%
17.200Loenen
16.3%
16.100Voorschoten
16.3%
15.300Renkum
15.2%
15.400Waterland
15.2%
16.300Ouder-Amstel
13%
16.100Waalre
13%
15.900Bunnik
13%
16.800Oegstgeest
12%
15.500Landsmeer
5.4%
15.400Reeuwijk
4.3%
16.300Westvoorne
3.3%

You're not logged in!

Compare scores with friends on all Sporcle quizzes.
OR
Log In

You Might Also Like...

Show Comments

Extras

Top Quizzes Today


Score Distribution

Your Account Isn't Verified!

In order to create a playlist on Sporcle, you need to verify the email address you used during registration. Go to your Sporcle Settings to finish the process.

Report this User

Report this user for behavior that violates our Community Guidelines.

Details: